00750 2200265 4500001002100000005001700021008004100038020002200079035002500101040001200126082001000138084001800148100001900166245008600185250001100271260003100282300003900313500002600352650002100378700001900399850001200418990001800430990001800448990001800466INLIS00000000000817720150918102102.0  a978-602-1656-31-0 a0010-071500000000860 aYOPDYOG a745.5 aT 745.5 End E aENDAH DWI A.K. aEksplorasi bunga pitac/ Endah Dwi A.K., Budi Indriyani ; editor, Berliyandy T.R. aCet. 2 aSurabayabTiara Aksac2015 a88 hlm.b: ilus.c; 21 cm [3 eks.] aBibliografi : hlm. 87 aKerajinan tangan aBudi Indriyani aYOPDYOG a13443-PD/B.15 a13444-PD/B.15 a13445-PD/B.15